000 00759nam a2200229Ia 4500
001 9372
003 GE_BSU
008 181216s||||||||xx |||||||||||||| ||und||
040 _cGE_BSU
080 _a821.353.1–1
100 _aმალაზონია,ნესტორ
245 _aქვეყნის სიყვარული
245 _bლექსები
245 _cრედ.ალ.ადამია.მხატვ. ი.გუკიევა
260 _aთბილისი
260 _bლიტერატურა და ხელოვნება
260 _c1964
300 _a127გვ.16სმ.
653 _aლექსები
653 _aქვეყნის სიყვარული
942 _cBK
999 _c42668
_d42668